000 00303nam a22001337a 4500
008 170814b xxu||||| |||| 00| 0 eng d
020 _a0387906045
041 _aeng
080 _a51
100 _a36
101 _aMAT
245 _aNEW DIRECTIONS IN APPLIED MATHEMATICS
_cHILTON,P.J
942 _2udc
_cBK
999 _c23399
_d23399